[Event "AUT-chT2M 1516"]
[Site "Austria"]
[Date "2016.02.27"]
[Round "7.2"]
[White "Kuba, Guenter"]
[Black "Flumbort, Andras"]
[Result "1/2-1/2"]
[WhiteElo "2370"]
[BlackElo "2456"]
[PlyCount "83"]
[EventDate "2015.10.02"]
[EventType "team-tourn"]
[EventRounds "11"]
[EventCountry "AUT"]
[SourceTitle "EXT 2017"]
[Source "ChessBase"]
[SourceDate "2016.10.25"]
[SourceVersion "1"]
[SourceVersionDate "2016.10.25"]
[SourceQuality "1"]
[WhiteTeam "Fuerstenfeld/Hartberg"]
[BlackTeam "St Valentin"]
[WhiteTeamCountry "AUT"]
[BlackTeamCountry "AUT"]

1. e4 c5 2. Nf3 d6 3. Bb5+ Nd7 4. d4 Ngf6 5. Nc3 cxd4 6. Qxd4 e5 7. Qd3 h6 8. Be3 Be7 9. 0-0 a6 10. Bc4 b5 11. Bd5 Rb8 12. b4 Nxd5 13. Nxd5 Bb7 14. a4 Bxd5 15. Qxd5 Qc8 16. Qd3 0-0 17. axb5 Rxb5 18. Ra4 Qb7 19. Nd2 Rc8 20. Rfa1 Rxb4 21. Rxa6 Qb8 22. h3 Nf6 23. c3 Rb7 24. Nc4 Qc7 25. Na5 Rbb8 26. Nc6 Rb7 27. Na5 Rbb8 28. Nc6 Rb7 29. Bd2 Qd7 30. Nxe7+ Qxe7 31. Rxd6 Rb2 32. Raa6 Rxd2 33. Qxd2 Nxe4 34. Rd7 Qe8 35. Qd1 Nc5 36. Rad6 Nxd7 37. Rxd7 e4 38. Qd4 Kh7 39. Rd5 Qe6 40. c4 Rc7 41. c5 Re7 42. Rd6 1/2-1/2

[Event "HUN-chT 1516"]
[Site "Hungary"]
[Date "2015.11.07"]
[Round "1"]
[White "Grimm, Gyorgy"]
[Black "Flumbort, Andras"]
[Result "0-1"]
[WhiteElo "2199"]
[BlackElo "2463"]
[PlyCount "90"]
[EventDate "2015.11.07"]
[EventType "team-tourn"]
[EventRounds "11"]
[EventCountry "HUN"]
[SourceTitle "CBM 169 Extra"]
[Source "ChessBase"]
[SourceDate "2015.12.18"]
[SourceVersion "1"]
[SourceVersionDate "2015.12.18"]
[SourceQuality "1"]
[WhiteTeam "Dunaharaszti"]
[BlackTeam "Aquaprofit"]
[WhiteTeamCountry "HUN"]
[BlackTeamCountry "HUN"]

1. e4 c5 2. Nf3 d6 3. Bb5+ Nd7 4. 0-0 a6 5. Bd3 Ngf6 6. Re1 g6 7. c3 Bg7 8. Bc2 0-0 9. d4 e5 10. dxe5 dxe5 11. a4 Qc7 12. Nbd2 b6 13. Nf1 c4 14. Ng3 Rb8 15. Qe2 b5 16. axb5 axb5 17. h3 Nc5 18. Be3 Re8 19. Red1 Bb7 20. Bxc5 Qxc5 21. Ra5 Qb6 22. Rda1 Qc6 23. Qe1 Nd7 24. b4 Nf8 25. Rd1 Red8 26. Raa1 Ne6 27. Rxd8+ Rxd8 28. Rd1 Ra8 29. Ra1 Rc8 30. Rd1 Qb6 31. Qd2 Rd8 32. Qe1 Ra8 33. Ra1 Re8 34. Rd1 Bc6 35. Ra1 h5 36. Rd1 Bf6 37. Nf1 Kg7 38. Ne3 Nf4 39. Nd5 Bxd5 40. exd5 e4 41. d6 Nxg2 42. d7 Re6 43. Qd2 exf3 44. d8Q Bxd8 45. Qxd8 Re1+ 0-1

[Event "AUT-chT2M 1516"]
[Site "Austria"]
[Date "2015.10.04"]
[Round "3.2"]
[White "Flumbort, Andras"]
[Black "Freitag, Manfred"]
[Result "1/2-1/2"]
[WhiteElo "2456"]
[BlackElo "2370"]
[PlyCount "55"]
[EventDate "2015.10.02"]
[EventType "team-tourn"]
[EventRounds "11"]
[EventCountry "AUT"]
[SourceTitle "CBM 168 Extra"]
[Source "ChessBase"]
[SourceDate "2015.10.29"]
[SourceVersion "1"]
[SourceVersionDate "2015.10.29"]
[SourceQuality "1"]
[WhiteTeam "St Valentin"]
[BlackTeam "Graz Austria"]
[WhiteTeamCountry "AUT"]
[BlackTeamCountry "AUT"]

1. d4 Nf6 2. c4 g6 3. Nc3 d5 4. Nf3 Bg7 5. cxd5 Nxd5 6. e4 Nxc3 7. bxc3 c5 8. Rb1 0-0 9. Bd2 cxd4 10. cxd4 Qa5 11. Be2 Qxa2 12. 0-0 Bg4 13. Be3 Nc6 14. d5 Bxf3 15. Bxf3 Ne5 16. Rxb7 e6 17. dxe6 Qxe6 18. Rxa7 Rxa7 19. Bxa7 Nxf3+ 20. Qxf3 Re8 21. Re1 f5 22. e5 Bxe5 23. g3 Qf7 24. Qc6 Re6 25. Qc8+ Re8 26. Qc6 Re6 27. Qc8+ Re8 28. Qc6 1/2-1/2